[Event "BI-2014-P-0000"]
[Site "LSS email"]
[Date "2014.04.19"]
[Round "?"]
[White "Loginov, Pavel"]
[Black "Gyongyosi, Peter Laszlo"]
[Result "1-0"]
[WhiteElo "2136"]
[BlackElo "878"]
[PlyCount "81"]
[EventDate "2014.04.25"]
[EventType "tourn (corr)"]
[EventRounds "10"]
[EventCountry "GER"]
[SourceTitle "Corr 2022"]
[Source "ChessBase"]
[SourceDate "2021.10.24"]
[SourceVersion "1"]
[SourceVersionDate "2021.10.24"]
[SourceQuality "1"]

1. d4 d5 2. c4 e6 3. Nc3 Nf6 4. Bg5 Nbd7 5. e3 Be7 6. Nf3 0-0 7. Rc1 h6 8. Bh4 c5 9. cxd5 Nxd5 10. Bxe7 Qxe7 11. Nxd5 exd5 12. dxc5 Nxc5 13. Qxd5 Ne6 14. Be2 Rd8 15. Qe5 Qb4+ 16. Qc3 Qb6 17. 0-0 Bd7 18. b3 Rac8 19. Qe5 Rxc1 20. Rxc1 Bc6 21. Qf5 Bxf3 22. Bxf3 g6 23. Qf6 Rf8 24. h4 Qd8 25. Qxd8 Nxd8 26. Rc7 Ne6 27. Rxb7 a6 28. Ra7 Nc5 29. Bd5 Kg7 30. g3 Kf6 31. Kg2 g5 32. hxg5+ hxg5 33. a3 Nd3 34. f4 gxf4 35. gxf4 Nc5 36. Kf3 Ne6 37. Rxa6 Rb8 38. e4 Ke7 39. f5 Nc7 40. Ra7 Kd6 41. Bxf7 1-0

[Event "BI-2014-P-0000"]
[Site "LSS email"]
[Date "2014.04.19"]
[Round "?"]
[White "Loginov, Pavel"]
[Black "Helmer, Janos"]
[Result "0-1"]
[WhiteElo "2136"]
[BlackElo "2106"]
[PlyCount "66"]
[EventDate "2014.04.25"]
[EventType "tourn (corr)"]
[EventRounds "10"]
[EventCountry "GER"]
[SourceTitle "Corr 2022"]
[Source "ChessBase"]
[SourceDate "2021.10.24"]
[SourceVersion "1"]
[SourceVersionDate "2021.10.24"]
[SourceQuality "1"]

1. e4 c5 2. Nf3 Nc6 3. d4 cxd4 4. Nxd4 Nf6 5. Nc3 d6 6. Bg5 e6 7. Qd2 Bd7 8. Ndb5 Qa5 9. 0-0-0 a6 10. Nxd6+ Bxd6 11. Bxf6 gxf6 12. Qxd6 0-0-0 13. Be2 Be8 14. Qf4 Qg5 15. Rxd8+ Kxd8 16. Qd2+ Qxd2+ 17. Kxd2 Ke7 18. Rd1 Bd7 19. Ke3 b5 20. f4 Na5 21. Nb1 Rc8 22. c3 Bc6 23. Nd2 Nb7 24. c4 b4 25. a3 bxa3 26. b4 Nd8 27. Ra1 Rb8 28. Rxa3 Rxb4 29. Rxa6 e5 30. f5 Kd6 31. g3 Rb7 32. Ra8 Rd7 33. Ra1 Rb7 0-1

[Event "SA-2014-0-00400"]
[Site "LSS email"]
[Date "2014.04.12"]
[Round "?"]
[White "Loginov, Pavel"]
[Black "Cimicki, Dariusz"]
[Result "0-1"]
[WhiteElo "1888"]
[BlackElo "2126"]
[PlyCount "96"]
[EventDate "2014.03.14"]
[EventType "tourn (corr)"]
[EventRounds "6"]
[EventCountry "GER"]
[SourceTitle "Corr 2015"]
[Source "ChessBase"]
[SourceDate "2015.07.17"]
[SourceVersion "1"]
[SourceVersionDate "2015.07.17"]
[SourceQuality "1"]

1. e4 c5 2. Nf3 d6 3. d4 cxd4 4. Nxd4 Nf6 5. Nc3 g6 6. Be3 Bg7 7. f3 Nc6 8. Qd2 0-0 9. 0-0-0 d5 10. exd5 Nxd5 11. Nxc6 bxc6 12. Nxd5 cxd5 13. Qxd5 Qc7 14. Qc5 Qb7 15. b3 Bf5 16. Bd3 Rac8 17. Qa5 Rc3 18. Bxf5 Rxe3 19. Be4 Qb8 20. g3 Qc8 21. g4 Qe6 22. g5 h5 23. Qc5 Re2 24. h4 Rc8 25. Qa5 Kh7 26. Kb1 f5 27. Bd3 Re3 28. f4 Rc3 29. Qa3 a5 30. Rhf1 Qd5 31. Rfe1 Rxe1 32. Rxe1 Rc7 33. Qa4 Qc5 34. Kc1 Qf2 35. Rd1 e6 36. Kb1 Rc3 37. Qd7 a4 38. bxa4 Qxf4 39. Qxe6 Qxa4 40. Bxf5 Qb4+ 41. Kc1 Qf4+ 42. Kb1 Qxf5 43. Qxf5 gxf5 44. Rd5 Rc4 45. Rxf5 Rxh4 46. Rf1 Kg6 47. Kc1 Bc3 48. Kd1 Re4 0-1

[Event "BI-2013-F-0011"]
[Site "LSS email"]
[Date "2014.02.21"]
[Round "?"]
[White "Caillet, Serge"]
[Black "Loginov, Pavel"]
[Result "0-1"]
[WhiteElo "1996"]
[BlackElo "1888"]
[PlyCount "68"]
[EventDate "2014.02.27"]
[EventType "tourn (corr)"]
[EventRounds "10"]
[EventCountry "GER"]
[SourceTitle "Corr 2015"]
[Source "ChessBase"]
[SourceDate "2015.07.17"]
[SourceVersion "1"]
[SourceVersionDate "2015.07.17"]
[SourceQuality "1"]

1. e4 c5 2. Nc3 d6 3. Nge2 Nf6 4. g3 Nc6 5. Bg2 g6 6. 0-0 Bg7 7. d3 0-0 8. h3 Rb8 9. f4 Bd7 10. a4 a6 11. Be3 b5 12. axb5 axb5 13. e5 dxe5 14. Bxc5 exf4 15. Nxf4 b4 16. Na4 g5 17. Nh5 Nxh5 18. Qxh5 Nd4 19. Rf2 Rc8 20. Bb6 Qe8 21. Nc5 Bc6 22. Ne4 f5 23. Qxe8 Rfxe8 24. Nxg5 h6 25. Nf3 Nxf3+ 26. Bxf3 Bxf3 27. Rxf3 Rxc2 28. Rxf5 Rxb2 29. Rf4 Rb8 30. Bc5 b3 31. Bxe7 Re2 32. Bf6 Bxf6 33. Rxf6 b2 34. Rb1 Rc8 0-1

[Event "BI-2013-F-0011"]
[Site "LSS email"]
[Date "2014.02.21"]
[Round "?"]
[White "Cardoso Garcia, Sergio"]
[Black "Loginov, Pavel"]
[Result "1/2-1/2"]
[WhiteElo "2003"]
[BlackElo "1888"]
[PlyCount "42"]
[EventDate "2014.02.27"]
[EventType "tourn (corr)"]
[EventRounds "10"]
[EventCountry "GER"]
[SourceTitle "Corr 2015"]
[Source "ChessBase"]
[SourceDate "2015.07.17"]
[SourceVersion "1"]
[SourceVersionDate "2015.07.17"]
[SourceQuality "1"]

1. e4 c5 2. Nf3 d6 3. Bb5+ Bd7 4. Bxd7+ Qxd7 5. 0-0 Nc6 6. b3 Nf6 7. Re1 e6 8. Bb2 Be7 9. c4 0-0 10. d4 cxd4 11. Nxd4 a6 12. Nd2 Nxd4 13. Bxd4 b5 14. Qf3 Qb7 15. Rab1 Rac8 16. Qd3 Nd7 17. Qg3 e5 18. Be3 Nc5 19. Bxc5 Rxc5 20. Qd3 Qc7 21. Red1 Bg5 1/2-1/2

[Event "BI-2013-F-0011"]
[Site "LSS email"]
[Date "2014.02.21"]
[Round "?"]
[White "Loginov, Pavel"]
[Black "Hatsek, Werner"]
[Result "1/2-1/2"]
[WhiteElo "1888"]
[BlackElo "1887"]
[PlyCount "57"]
[EventDate "2014.02.27"]
[EventType "tourn (corr)"]
[EventRounds "10"]
[EventCountry "GER"]
[SourceTitle "Corr 2015"]
[Source "ChessBase"]
[SourceDate "2015.07.17"]
[SourceVersion "1"]
[SourceVersionDate "2015.07.17"]
[SourceQuality "1"]

1. e4 e6 2. d4 d5 3. e5 c5 4. c3 Nc6 5. Nf3 Qb6 6. a3 f6 7. Bd3 fxe5 8. dxe5 c4 9. Bc2 g6 10. h4 Bd7 11. h5 gxh5 12. Ng5 0-0-0 13. Nf7 Bc5 14. 0-0 Rf8 15. Nxh8 Nxe5 16. Qxh5 Rxf2 17. Rxf2 Bxf2+ 18. Kh1 Bg3 19. Qg5 Qf2 20. Be3 Qe1+ 21. Bg1 Bf2 22. Qxg8+ Kc7 23. Nd2 Qxa1 24. Bb1 Bxg1 25. Kxg1 Nc6 26. Qg3+ Kb6 27. Nf7 Qxb2 28. Qe3+ Kb5 29. Bxh7 1/2-1/2

[Event "RB-2013-0-00227"]
[Site "LSS email"]
[Date "2013.11.10"]
[Round "?"]
[White "Loginov, Pavel"]
[Black "Obukhov, Gennady Nikolaevich"]
[Result "1/2-1/2"]
[WhiteElo "1928"]
[BlackElo "1920"]
[PlyCount "62"]
[EventDate "2013.10.08"]
[EventType "tourn (corr)"]
[EventRounds "6"]
[EventCountry "GER"]
[SourceTitle "Telechess CBM 167"]
[Source "ChessBase"]
[SourceDate "2015.07.13"]
[SourceVersion "1"]
[SourceVersionDate "2015.07.13"]
[SourceQuality "1"]

1. e4 e5 2. Nf3 Nf6 3. Nxe5 d6 4. Nf3 Nxe4 5. d4 d5 6. Bd3 Bd6 7. 0-0 0-0 8. c4 c6 9. cxd5 cxd5 10. Nc3 Nxc3 11. bxc3 h6 12. Re1 Qc7 13. Bd2 Nc6 14. h3 Bd7 15. Qc1 Rae8 16. Rxe8 Rxe8 17. Bxh6 gxh6 18. Qxh6 Bf4 19. Qh7+ Kf8 20. Qh8+ Ke7 21. Qh4+ f6 22. Re1+ Kd8 23. Qxf6+ Kc8 24. Rxe8+ Bxe8 25. g3 Bc1 26. Bf5+ Kb8 27. h4 Qe7 28. Qh8 Kc7 29. h5 Qe2 30. Ne5 Nxe5 31. dxe5 Qxh5 1/2-1/2

[Event "WC-2016-Q-00014"]
[Site "LSS email"]
[Date "2013.10.22"]
[Round "?"]
[White "Loginov, Pavel"]
[Black "Roques, Pascal"]
[Result "0-1"]
[WhiteElo "1888"]
[BlackElo "2226"]
[PlyCount "144"]
[EventDate "2013.10.27"]
[EventType "tourn (corr)"]
[EventRounds "12"]
[EventCountry "GER"]
[SourceTitle "Corr 2015"]
[Source "ChessBase"]
[SourceDate "2015.07.17"]
[SourceVersion "1"]
[SourceVersionDate "2015.07.17"]
[SourceQuality "1"]

1. e4 c5 2. Nf3 d6 3. d4 cxd4 4. Nxd4 Nf6 5. Nc3 a6 6. Be2 e5 7. Nb3 Be7 8. 0-0 0-0 9. Be3 Be6 10. f4 exf4 11. Rxf4 Nc6 12. Nd5 Ne5 13. Bb6 Qd7 14. Nxe7+ Qxe7 15. Nd2 d5 16. Bd4 Qd6 17. g3 Rad8 18. c3 Rfe8 19. Qf1 Nfd7 20. exd5 Bxd5 21. Nc4 Qc7 22. Nxe5 Nxe5 23. a4 Nc6 24. Rd1 h6 25. Rd2 Bb3 26. Bd1 g5 27. Rf6 Nxd4 28. cxd4 Bc4 29. Qf2 Kg7 30. Rf5 Rd5 31. Rxd5 Bxd5 32. Re2 Rd8 33. Qe3 Qd6 34. Rf2 a5 35. Qc3 Qb6 36. Bf3 Rd7 37. Bxd5 Rxd5 38. Rd2 Qe6 39. Qd3 h5 40. Kg2 h4 41. gxh4 gxh4 42. Kf1 Qc6 43. Qe4 Qc4+ 44. Kg2 Rg5+ 45. Kf3 Qxa4 46. Qxb7 Qc4 47. Qe4 a4 48. Ke3 h3 49. Rf2 Qc1+ 50. Rd2 a3 51. bxa3 Qxa3+ 52. Qd3 Qc1 53. Qe4 Qc3+ 54. Qd3 Qc6 55. Rf2 Ra5 56. Rc2 Qh6+ 57. Kf3 Qh5+ 58. Kf2 Rg5 59. Re2 Qh4+ 60. Ke3 Qh6 61. Kd2 Rg3+ 62. Re3 Rg2+ 63. Kc3 Qc6+ 64. Kb3 Qd5+ 65. Kc3 Ra2 66. Qe4 Qxe4 67. Rxe4 Rxh2 68. Re1 Rg2 69. Kd3 h2 70. Rh1 Kf6 71. Ke4 Kg5 72. Ke5 Re2+ 0-1

[Event "CP-2013-P-00038"]
[Site "LSS email"]
[Date "2013.09.30"]
[Round "?"]
[White "Loginov, Pavel"]
[Black "Kudr, Roman"]
[Result "1-0"]
[WhiteElo "1888"]
[BlackElo "1972"]
[PlyCount "113"]
[EventDate "2013.10.01"]
[EventType "tourn (corr)"]
[EventRounds "6"]
[EventCountry "GER"]
[SourceTitle "Corr 2015"]
[Source "ChessBase"]
[SourceDate "2015.07.17"]
[SourceVersion "1"]
[SourceVersionDate "2015.07.17"]
[SourceQuality "1"]

1. e4 c5 2. Nf3 d6 3. d4 cxd4 4. Nxd4 Nf6 5. Nc3 a6 6. Be2 e5 7. Nb3 Be7 8. 0-0 0-0 9. Be3 Be6 10. f4 exf4 11. Rxf4 Nc6 12. Nd5 Ne5 13. Bb6 Qd7 14. Qd2 Bxd5 15. exd5 Rac8 16. Raf1 Bd8 17. Bxd8 Qxd8 18. c3 Nfd7 19. Nd4 Ng6 20. R4f3 Nde5 21. Rh3 Qb6 22. b3 h6 23. c4 Ne7 24. a4 Rce8 25. Bd1 Qc5 26. Kh1 b6 27. Bc2 Qa3 28. g4 Qc5 29. g5 Qc8 30. Qe3 g6 31. gxh6 f5 32. Qg5 Rf7 33. Rg3 Kh7 34. h4 Rg8 35. Qe3 Rgf8 36. Qf4 b5 37. axb5 axb5 38. Ne6 bxc4 39. bxc4 Qxc4 40. Ng5+ Kh8 41. Qxc4 Nxc4 42. Ra1 Nb6 43. Re1 Nbc8 44. Nxf7+ Rxf7 45. Re6 Kh7 46. h5 gxh5 47. Rg5 h4 48. Kh2 Kh8 49. Kh3 Rf8 50. Rg7 Nxd5 51. Kxh4 Nde7 52. Rexe7 Nxe7 53. Rxe7 d5 54. Kg5 Rg8+ 55. Kf6 Rf8+ 56. Kg6 f4 57. Bf5 1-0

[Event "RB-2013-0-00217"]
[Site "LSS email"]
[Date "2013.08.26"]
[Round "?"]
[White "Linke, Marius"]
[Black "Loginov, Pavel"]
[Result "0-1"]
[WhiteElo "1896"]
[BlackElo "1918"]
[PlyCount "54"]
[EventDate "2013.06.18"]
[EventType "tourn (corr)"]
[EventRounds "6"]
[EventCountry "GER"]
[SourceTitle "Telechess CBM 163"]
[Source "ChessBase"]
[SourceDate "2014.11.11"]
[SourceVersion "2"]
[SourceVersionDate "2014.11.11"]
[SourceQuality "1"]

1. d4 d5 2. c4 dxc4 3. Nf3 Nf6 4. Nc3 a6 5. e4 b5 6. e5 Nd5 7. a4 Nxc3 8. bxc3 Bb7 9. e6 fxe6 10. Ng5 Qd5 11. Be2 Qxg2 12. Rf1 Bd5 13. Bf4 h6 14. Bh5+ g6 15. Bxg6+ Kd7 16. Nf7 b4 17. Nxh8 Bg7 18. Bc2 Bxh8 19. cxb4 Nc6 20. Ra3 Rg8 21. Bh7 Rf8 22. Rg3 Qxh2 23. Be3 Nxb4 24. Qd2 Nc6 25. Rg6 h5 26. Rh6 c3 27. Qxc3 Qh4 0-1

[Event "RB-2013-0-00217"]
[Site "LSS email"]
[Date "2013.08.24"]
[Round "?"]
[White "Loginov, Pavel"]
[Black "Pott, Brian"]
[Result "1/2-1/2"]
[WhiteElo "1918"]
[BlackElo "1756"]
[PlyCount "69"]
[EventDate "2013.06.18"]
[EventType "tourn (corr)"]
[EventRounds "6"]
[EventCountry "GER"]
[SourceTitle "Telechess CBM 163"]
[Source "ChessBase"]
[SourceDate "2014.11.11"]
[SourceVersion "2"]
[SourceVersionDate "2014.11.11"]
[SourceQuality "1"]

1. e4 e5 2. Nf3 Nc6 3. Bb5 a6 4. Bxc6 dxc6 5. 0-0 f6 6. d4 Bg4 7. c3 Bd6 8. Be3 Ne7 9. dxe5 fxe5 10. Nbd2 Qd7 11. h3 Be6 12. Ng5 Bg8 13. Qh5+ Ng6 14. Rad1 0-0-0 15. b3 Qe8 16. Nc4 h6 17. Qg4+ Kb8 18. Nxd6 cxd6 19. Nf3 Be6 20. Qg3 Qf7 21. c4 c5 22. Rd2 Nf4 23. Rfd1 Kc7 24. Ne1 g5 25. Nd3 Qe7 26. f3 Rhg8 27. Qe1 Kb8 28. Kh1 Rc8 29. Nxf4 gxf4 30. Bf2 Rc6 31. Rd3 Qg7 32. Qf1 Qe7 33. R1d2 Rg7 34. Qd1 Qg5 35. Qf1 1/2-1/2

[Event "RB-2013-0-00216"]
[Site "LSS email"]
[Date "2013.08.20"]
[Round "?"]
[White "Loginov, Pavel"]
[Black "Hatsek, Werner"]
[Result "1/2-1/2"]
[WhiteElo "1918"]
[BlackElo "1915"]
[PlyCount "111"]
[EventDate "2013.06.09"]
[EventType "tourn (corr)"]
[EventRounds "6"]
[EventCountry "GER"]
[SourceTitle "Telechess CBM 163"]
[Source "ChessBase"]
[SourceDate "2014.11.11"]
[SourceVersion "2"]
[SourceVersionDate "2014.11.11"]
[SourceQuality "1"]

1. e4 e5 2. Nf3 Nc6 3. Bb5 a6 4. Ba4 Nf6 5. 0-0 d6 6. Re1 b5 7. Bb3 Be7 8. c3 0-0 9. h3 Na5 10. Bc2 c5 11. d4 cxd4 12. cxd4 Bb7 13. d5 Rc8 14. b3 Qc7 15. Bd3 Nh5 16. Na3 f5 17. Bd2 Qb6 18. Nc2 Nf6 19. Ng5 fxe4 20. Bxe4 Nxe4 21. Nxe4 Qd8 22. Rc1 Ra8 23. Nb4 Bc8 24. Nc6 Nxc6 25. dxc6 d5 26. c7 Qe8 27. Ng5 Bxg5 28. Bxg5 Qe6 29. Bd8 Rf5 30. Rc2 h6 31. f3 Bb7 32. Qd4 e4 33. Rf1 a5 34. fxe4 Rxf1+ 35. Kxf1 dxe4 36. Kg1 a4 37. b4 e3 38. Re2 Ra6 39. a3 Qb3 40. Bh4 Qc4 41. Qxc4+ bxc4 42. Rxe3 Rc6 43. Re8+ Kh7 44. Bg3 c3 45. Re1 c2 46. Rc1 Kg6 47. b5 Rc3 48. Kf2 Kf7 49. Be5 Rc5 50. Bd6 Rc4 51. Ke3 Ke6 52. Bh2 Kd5 53. Kd2 Kc5 54. Rxc2 Rxc2+ 55. Kxc2 Kxb5 56. Kc3 1/2-1/2

[Event "RB-2013-0-00216"]
[Site "LSS email"]
[Date "2013.08.18"]
[Round "?"]
[White "Loginov, Pavel"]
[Black "Salonen, Jukka"]
[Result "1/2-1/2"]
[WhiteElo "1918"]
[BlackElo "1872"]
[PlyCount "67"]
[EventDate "2013.06.09"]
[EventType "tourn (corr)"]
[EventRounds "6"]
[EventCountry "GER"]
[SourceTitle "Telechess CBM 163"]
[Source "ChessBase"]
[SourceDate "2014.11.11"]
[SourceVersion "2"]
[SourceVersionDate "2014.11.11"]
[SourceQuality "1"]

1. e4 c5 2. Nf3 d6 3. d4 cxd4 4. Nxd4 Nf6 5. Nc3 e5 6. Bb5+ Nbd7 7. Nf5 a6 8. Bxd7+ Qxd7 9. Bg5 Nxe4 10. Nxg7+ Bxg7 11. Nxe4 0-0 12. Qxd6 f6 13. Qxd7 Bxd7 14. Be3 Bc6 15. Nd6 Rfd8 16. Nf5 Bf8 17. f3 Rac8 18. c3 Rd7 19. Rd1 Rxd1+ 20. Kxd1 a5 21. Ke2 Bb5+ 22. Kf2 a4 23. Rc1 Bc4 24. a3 Rd8 25. g4 Kf7 26. Ng3 Rd3 27. Rc2 Ke6 28. h3 Be7 29. Rd2 Rxd2+ 30. Bxd2 Bb5 31. Bh6 Kd5 32. Ke3 Kc4 33. Kd2 Kb3 34. Kc1 1/2-1/2

[Event "BI-2013-P-00029"]
[Site "LSS email"]
[Date "2013.04.23"]
[Round "?"]
[White "Khan, Valery"]
[Black "Loginov, Pavel"]
[Result "1-0"]
[WhiteElo "2164"]
[BlackElo "1907"]
[PlyCount "77"]
[EventDate "2013.04.25"]
[EventType "tourn (corr)"]
[EventRounds "10"]
[EventCountry "GER"]
[SourceTitle "Telechess CBM 167"]
[Source "ChessBase"]
[SourceDate "2015.07.13"]
[SourceVersion "1"]
[SourceVersionDate "2015.07.13"]
[SourceQuality "1"]

1. e4 e5 2. Nf3 Nc6 3. Bb5 Nf6 4. 0-0 Nxe4 5. d4 Nd6 6. Bxc6 dxc6 7. dxe5 Nf5 8. Qxd8+ Kxd8 9. Rd1+ Ke8 10. Nc3 Be6 11. Ng5 Rd8 12. Rxd8+ Kxd8 13. Nxe6+ fxe6 14. Bg5+ Kc8 15. Rd1 Be7 16. Bxe7 Nxe7 17. Ne2 h6 18. Nf4 Re8 19. h4 Nd5 20. Ng6 c5 21. g4 b5 22. h5 c6 23. c3 a5 24. f4 Kc7 25. Rf1 Rd8 26. f5 exf5 27. Rxf5 Rd7 28. Rf8 b4 29. e6 Rd8 30. e7 Nxe7 31. Rf7 Rd2 32. Nxe7 Rxb2 33. g5 Kd6 34. c4 Ke6 35. Rxg7 hxg5 36. h6 b3 37. axb3 Rxb3 38. Nxc6 a4 39. Kg2 1-0

[Event "WC-2017-P-00017"]
[Site "LSS email"]
[Date "2013.02.27"]
[Round "?"]
[White "Abbey, William"]
[Black "Loginov, Pavel"]
[Result "1-0"]
[WhiteElo "2031"]
[BlackElo "1888"]
[PlyCount "115"]
[EventDate "2013.03.03"]
[EventType "tourn (corr)"]
[EventRounds "12"]
[EventCountry "GER"]
[SourceTitle "Corr 2015"]
[Source "ChessBase"]
[SourceDate "2015.07.17"]
[SourceVersion "1"]
[SourceVersionDate "2015.07.17"]
[SourceQuality "1"]

1. d4 d5 2. c4 c6 3. Nf3 Nf6 4. e3 e6 5. Nc3 Nbd7 6. Qc2 Bd6 7. Bd3 0-0 8. 0-0 dxc4 9. Bxc4 b5 10. Bd3 Bb7 11. a3 a6 12. Ng5 Bxh2+ 13. Kxh2 Ng4+ 14. Kg1 Qxg5 15. f3 Ngf6 16. e4 Qh4 17. Be3 e5 18. Ne2 Nh5 19. Qd2 Qe7 20. Qb4 Qf6 21. Rad1 Rfe8 22. Qd2 a5 23. g4 Qg6 24. Kf2 Nhf6 25. g5 Nh5 26. Rh1 f6 27. Bb1 Rf8 28. Ba2+ Kh8 29. Be6 fxg5 30. Bf5 Qf7 31. Rdg1 Rae8 32. Bxd7 Qxd7 33. Rxh5 Rxf3+ 34. Ke1 exd4 35. Qxd4 Qxd4 36. Bxd4 Kg8 37. Rgxg5 g6 38. Re5 Rff8 39. Rhg5 Kf7 40. Kd2 Rxe5 41. Rxe5 Re8 42. Rxe8 Kxe8 43. Ke3 Kf7 44. Bb6 a4 45. Kf4 Ke6 46. Nd4+ Kd6 47. e5+ Kd5 48. e6 Bc8 49. e7 Bd7 50. Kg5 c5 51. Ne2 b4 52. Nf4+ Kd6 53. Kf6 bxa3 54. bxa3 Kc6 55. Ba5 Be8 56. Bc3 c4 57. Bb4 Bd7 58. Kg7 1-0

[Event "WC-2017-P-00017"]
[Site "LSS email"]
[Date "2013.02.27"]
[Round "?"]
[White "Loginov, Pavel"]
[Black "Basson, Heinrich"]
[Result "1-0"]
[WhiteElo "1888"]
[BlackElo "1255"]
[PlyCount "43"]
[EventDate "2013.03.03"]
[EventType "tourn (corr)"]
[EventRounds "12"]
[EventCountry "GER"]
[SourceTitle "Corr 2015"]
[Source "ChessBase"]
[SourceDate "2015.07.17"]
[SourceVersion "1"]
[SourceVersionDate "2015.07.17"]
[SourceQuality "1"]

1. e4 d5 2. exd5 Qxd5 3. Nc3 Qa5 4. d4 c6 5. Nf3 Nf6 6. Bc4 Bg4 7. h3 Bh5 8. g4 Bg6 9. Bd2 Qc7 10. Ne5 e6 11. Qe2 Be7 12. h4 b5 13. h5 Bxc2 14. Nxf7 Kxf7 15. Bxe6+ Kf8 16. Rc1 b4 17. h6 g5 18. Rxc2 bxc3 19. Rxc3 Qd6 20. Bxg5 Nbd7 21. Re3 Rb8 22. 0-0 1-0